[Event "Maastricht Limburg op-B 9th"]
[Site "Maastricht"]
[Date "2015.05.24"]
[Round "5"]
[White "Tamminga, Meile"]
[Black "Reichardt, Monica"]
[Result "1-0"]
[WhiteElo "1825"]
[BlackElo "1860"]
[PlyCount "105"]
[EventDate "2015.05.22"]
[EventType "swiss"]
[EventRounds "7"]
[EventCountry "NED"]
[SourceTitle "EXT 2016"]
[Source "ChessBase"]
[SourceDate "2015.10.08"]
[SourceVersion "1"]
[SourceVersionDate "2015.10.08"]
[SourceQuality "1"]

1. e4 e5 2. Nf3 Nc6 3. Bb5 a6 4. Ba4 Nf6 5. 0-0 Be7 6. Re1 b5 7. Bb3 d6 8. c3 Bg4 9. d3 0-0 10. h3 Bh5 11. g4 Bg6 12. Nbd2 Qd7 13. Nf1 Rad8 14. Ne3 Rfe8 15. Nh4 Na5 16. Nxg6 hxg6 17. Qf3 Rf8 18. Bc2 Nc6 19. b4 Nh7 20. Nd5 Bh4 21. Be3 Rde8 22. a4 Nd8 23. axb5 axb5 24. Ra7 Ne6 25. Bb3 Qd8 26. Rea1 Nhg5 27. Qg2 Kh7 28. Rb7 c6 29. Nb6 Re7 30. Raa7 Rxb7 31. Rxb7 Re8 32. Rd7 Qb8 33. Bxe6 Rxe6 34. Qf1 Rf6 35. Kg2 Rf3 36. Bxg5 Bxg5 37. Kxf3 Qxb6 38. Rxf7 Qd8 39. Qa1 d5 40. Qa7 dxe4+ 41. Kg2 Bh6 42. Qd7 Qa8 43. g5 c5 44. gxh6 Kxh6 45. Rxg7 e3+ 46. Kg3 Qa2 47. Rh7+ Kg5 48. h4+ Kf6 49. Qd6+ Kf5 50. Qf8+ Ke6 51. Re7+ Kd6 52. Qd8+ Kc6 53. Rc7+ 1-0

[Event "Maastricht Limburg op-B 9th"]
[Site "Maastricht"]
[Date "2015.05.23"]
[Round "3"]
[White "Blijlevens, Pim"]
[Black "Tamminga, Meile"]
[Result "1-0"]
[WhiteElo "1943"]
[BlackElo "1825"]
[PlyCount "55"]
[EventDate "2015.05.22"]
[EventType "swiss"]
[EventRounds "7"]
[EventCountry "NED"]
[SourceTitle "EXT 2016"]
[Source "ChessBase"]
[SourceDate "2015.10.08"]
[SourceVersion "1"]
[SourceVersionDate "2015.10.08"]
[SourceQuality "1"]

1. d4 f5 2. e4 fxe4 3. Nc3 Nf6 4. f3 d5 5. fxe4 dxe4 6. Bg5 Bf5 7. Nge2 e6 8. Ng3 Be7 9. Bc4 Nc6 10. Bxf6 Bxf6 11. d5 Bxc3+ 12. bxc3 Ne5 13. dxe6 Bg4 14. Qd5 Qxd5 15. Bxd5 c6 16. Bb3 e3 17. h3 0-0-0 18. hxg4 Rd2 19. 0-0 Re8 20. Ne4 Rdd8 21. Rf4 b6 22. Re1 c5 23. Rxe3 c4 24. Ba4 Rxe6 25. Nf2 Rd5 26. Rxc4+ Nxc4 27. Rxe6 b5 28. Bxb5 1-0

[Event "Maastricht Limburg op-C 5th"]
[Site "Maastricht"]
[Date "2011.06.13"]
[Round "7"]
[White "De Lange, Gerard"]
[Black "Tamminga, Meile"]
[Result "1/2-1/2"]
[WhiteElo "1599"]
[BlackElo "1605"]
[PlyCount "120"]
[EventDate "2011.06.10"]
[EventType "swiss"]
[EventRounds "7"]
[EventCountry "NED"]
[SourceTitle "EXT 2012"]
[Source "ChessBase"]
[SourceDate "2011.11.24"]
[SourceVersion "1"]
[SourceVersionDate "2011.11.24"]
[SourceQuality "1"]

1. d4 g6 2. e4 Bg7 3. Nc3 d6 4. g3 Nf6 5. Bg2 0-0 6. Nge2 e5 7. dxe5 dxe5 8. 0-0 c6 9. b3 Qc7 10. Ba3 Rd8 11. Qe1 Nbd7 12. Rd1 Nf8 13. Nc1 Ne6 14. Nd3 b6 15. Ne2 Ba6 16. c4 Rd7 17. Nb4 Rxd1 18. Qxd1 Bb7 19. Qc2 Bf8 20. Qc1 Rd8 21. Nc2 Bxa3 22. Nxa3 Kg7 23. Rd1 Rd6 24. Rxd6 Qxd6 25. h3 Nd4 26. Nxd4 Qxd4 27. Qc2 a6 28. Nb1 c5 29. Nc3 Qd6 30. Nd5 Nxd5 31. exd5 b5 32. Qb2 f6 33. h4 Kf7 34. Qd2 Kg7 35. Be4 b4 36. Qd3 f5 37. Bg2 a5 38. Qe3 e4 39. f4 Bc8 40. Bf1 Bd7 41. Be2 h5 42. Qd2 Kf7 43. a3 Qf6 44. axb4 Qa1+ 45. Kg2 axb4 46. Qe3 Qd4 47. Qc1 Ke7 48. Qd1 Be8 49. Kf1 Kd6 50. Kg2 Bd7 51. Bxh5 gxh5 52. Qxh5 Qd2+ 53. Kh3 e3 54. Qh8 Qd4 55. Qf8+ Kc7 56. Qe7 Qe4 57. Qxc5+ Kd8 58. Qf8+ Qe8 59. Qxb4 e2 60. Qe1 Qe3 1/2-1/2

[Event "Maastricht Limburg op-C 5th"]
[Site "Maastricht"]
[Date "2011.06.13"]
[Round "6"]
[White "Tamminga, Meile"]
[Black "Oxener, Aldo"]
[Result "1-0"]
[WhiteElo "1605"]
[BlackElo "1465"]
[PlyCount "59"]
[EventDate "2011.06.10"]
[EventType "swiss"]
[EventRounds "7"]
[EventCountry "NED"]
[SourceTitle "EXT 2012"]
[Source "ChessBase"]
[SourceDate "2011.11.24"]
[SourceVersion "1"]
[SourceVersionDate "2011.11.24"]
[SourceQuality "1"]

1. e4 d5 2. exd5 Qxd5 3. Nc3 Qd6 4. d4 Nf6 5. Nf3 a6 6. h3 b5 7. a3 Bb7 8. Be3 e6 9. Be2 Be7 10. 0-0 0-0 11. Ne5 Nc6 12. Bf3 Rad8 13. Qe2 Nxd4 14. Bxd4 Bxf3 15. Qxf3 Qxd4 16. Nc6 Qd7 17. Nxd8 Rxd8 18. Rad1 Bd6 19. Rd3 c5 20. Rfd1 Qc7 21. Ne4 Nxe4 22. Qxe4 h6 23. c4 Qb6 24. b3 Qc7 25. Qe2 Kf8 26. g3 Qb6 27. Qc2 Kg8 28. cxb5 axb5 29. a4 b4 30. Qd2 1-0

[Event "Maastricht Limburg op-C 5th"]
[Site "Maastricht"]
[Date "2011.06.12"]
[Round "5"]
[White "Tamminga, Meile"]
[Black "Godding, Mick"]
[Result "1-0"]
[WhiteElo "1605"]
[BlackElo "1544"]
[PlyCount "81"]
[EventDate "2011.06.10"]
[EventType "swiss"]
[EventRounds "7"]
[EventCountry "NED"]
[SourceTitle "EXT 2012"]
[Source "ChessBase"]
[SourceDate "2011.11.24"]
[SourceVersion "1"]
[SourceVersionDate "2011.11.24"]
[SourceQuality "1"]

1. e4 d5 2. exd5 Nf6 3. d4 Nxd5 4. c4 Nb4 5. a3 N4c6 6. Be3 g6 7. h3 Bg7 8. Nf3 e5 9. d5 e4 10. Nd4 Ne7 11. Nc3 f5 12. g3 c6 13. Qc2 0-0 14. Rd1 cxd5 15. cxd5 a6 16. Nde2 Nd7 17. Bg2 Nf6 18. 0-0 b5 19. Nf4 Bd7 20. Rc1 g5 21. d6 Nc6 22. Nfd5 Nxd5 23. Nxd5 Rc8 24. Qd2 h6 25. Nb6 Rb8 26. Nxd7 Qxd7 27. Qd5+ Rf7 28. Rxc6 Rb7 29. Rfc1 Bf8 30. Rc7 Rxc7 31. Rxc7 Qe8 32. Rxf7 Qxf7 33. Qxf7+ Kxf7 34. d7 Be7 35. Bb6 Ke6 36. d8Q Bxd8 37. Bxd8 Kd5 38. Kf1 Kc4 39. Ke2 b4 40. axb4 Kxb4 41. Kd2 1-0